000
00229nam a22000857a 4500
008
160629b xxu||||| |||| 00| 0 eng d
100
_9
1416
_a
Das, A., et al
245
_a
Home Science - XI
260
_a
New Delhi
_b
Arya Publication
_c
2004
999
_c
1172
_d
1172